[Event "Druzynowe Mistrzostwa Polski Ekstraliga"]
[Site "Gorzow Wlkp. - Wroclaw - Katowice"]
[Date "1899-12-30"]
[Round "7.3"]
[White "Leniart, Arkadiusz"]
[Black "Simacek, Pavel"]
[Result "1-0"]
[WhiteTitle "IM"]
[BlackTitle "IM"]
[WhiteElo "2479"]
[BlackElo "2485"]

1. d4 d5 2. c4 dxc4 3. e3 e5 4. Bxc4 exd4 5. exd4 Bd6 6. Nf3 Nf6 7. O-O O-O 8.
Nc3 Bg4 9. h3 Bh5 10. g4 Bg6 11. Ne5 c5 12. Nxg6 hxg6 13. dxc5 Bxc5 14. Bxf7+
Kxf7 15. Qb3+ Ke8 16. Re1+ Be7 17. g5 Ng8 18. Nd5 Rf5 19. Nf4 Rf7 20. Ne6 Qc8
21. Bf4 Nc6 22. Rad1 a5 23. Nc7+ Kf8 24. Ne6+ Ke8 25. a4 Nb4 26. Nc7+ Kf8 27.
Ne6+ Ke8 28. Rc1 Nc6 29. Nc7+ Kf8 30. Ne6+ Ke8 31. Bg3 Ra6 32. Nc7+ Kf8 33. Ne6+
Ke8 34. Nc7+ Kf8 35. Nxa6 Bxg5 36. Nc7 Rxc7 37. Bxc7 Qxc7 38. Re8+ Kxe8 39. Qxg8+
Ke7 40. Qxg7+ Kd8 41. Qg8+ Ke7 42. Re1+ 1-0

[Event "Druzynowe Mistrzostwa Polski Ekstraliga"]
[Site "Gorzow Wlkp. - Wroclaw - Katowice"]
[Date "1899-12-30"]
[Round "7.4"]
[White "Kriebel, Tadeas"]
[Black "Mikrut, Dariusz"]
[Result "1-0"]
[WhiteTitle "IM"]
[BlackTitle "IM"]
[WhiteElo "2473"]
[BlackElo "2406"]

1. c4 Nf6 2. Nc3 g6 3. e4 d6 4. d4 Bg7 5. f3 O-O 6. Be3 a6 7. Qd2 Nc6 8. Nge2 Rb8
9. Rc1 Re8 10. Nd1 Nd7 11. Nf2 Nf8 12. g3 Bd7 13. Bg2 b5 14. b3 bxc4 15. bxc4
e5 16. d5 Ne7 17. c5 dxc5 18. Nd3 Bb5 19. Nxc5 Nd7 20. Nc3 Nxc5 21. Bxc5 Nc8 22.
Nxb5 axb5 23. O-O Nd6 24. Qc2 Bh6 25. Rce1 Qd7 26. f4 Nc4 27. f5 Bf8 28. Bxf8
Rxf8 29. f6 h6 30. h4 Kh7 31. Kh2 Ra8 32. Rf2 Ra3 33. Bh3 Qd6 34. Rb1 c6 35. h5
Ra6 36. Qe2 Qc5 37. dxc6 Rxc6 38. Rd1 Rd6 39. Rxd6 Nxd6 40. Rf1 Rg8 41. Rd1 Rd8
42. hxg6+ fxg6 43. Rd5 Qb6 44. Rxe5 Nf7 45. Re6 Qa5 46. Bg2 Rd2 47. Qf1 Qxa2 48.
Re7 Kg8 49. e5 Rf2 50. Qh1 Ng5 51. Kg1 Rd2 52. Bf1 Qa3 53. Re8+ Kf7 54. Qb7+ Kxe8
55. Bxb5+ Kf8 56. Qg7# 1-0

[Event "Druzynowe Mistrzostwa Polski Ekstraliga"]
[Site "Gorzow Wlkp. - Wroclaw - Katowice"]
[Date "1899-12-30"]
[Round "7.5"]
[White "Barski, Radoslaw"]
[Black "Sieciechowicz, Marcin"]
[Result "1-0"]
[WhiteTitle "k++"]
[BlackTitle "IM"]
[WhiteElo "2412"]
[BlackElo "2409"]

1. e4 c5 2. Nf3 d6 3. d4 cxd4 4. Nxd4 Nf6 5. Nc3 a6 6. Be3 e5 7. Nb3 Be6 8. f3
h5 9. Qd2 Nbd7 10. Be2 Be7 11. O-O Rc8 12. a4 O-O 13. a5 Qc7 14. Rac1 Nc5 15.
Nd5 Bxd5 16. exd5 Nxb3 17. cxb3 Qd7 18. Rc4 Rc7 19. Bb6 Rxc4 20. bxc4 Qa4 21.
b4 Qb3 22. Bd3 Bd8 23. Be3 Re8 24. Rb1 Qa4 25. Bc2 Qd7 26. Qd1 Qc8 27. Ba4 Rf8
28. c5 Bc7 29. c6 bxc6 30. Bxc6 h4 31. Qd3 h3 32. g3 e4 33. fxe4 Qg4 34. Rf1 Qg6
35. b5 Ng4 36. bxa6 Bxa5 37. a7 Nxe3 38. Qxe3 Bb4 39. Rc1 Bc5 40. Rxc5 dxc5 41.
a8=Q Rxa8 42. Bxa8 Qa6 43. Bc6 Qa1+ 44. Kf2 Qh1 45. d6 Qxh2+ 46. Ke1 Qh1+ 47.
Kd2 Qg2+ 48. Qe2 Qxg3 49. d7 Qb8 50. Qd3 Qb2+ 51. Kd1 Qa1+ 52. Ke2 1-0

[Event "Druzynowe Mistrzostwa Polski Ekstraliga"]
[Site "Gorzow Wlkp. - Wroclaw - Katowice"]
[Date "1899-12-30"]
[Round "7.6"]
[White "Sliwicka, Alicja"]
[Black "Leks, Maria"]
[Result "1-0"]
[WhiteTitle "WFM"]
[BlackTitle "WCM"]
[WhiteElo "2178"]
[BlackElo "2129"]

1. e4 g6 2. d4 Bg7 3. Nc3 d6 4. f4 a6 5. Nf3 b5 6. e5 Bb7 7. Bd3 Nh6 8. e6 f5 9.
h3 c5 10. a4 cxd4 11. Ne2 Bxf3 12. gxf3 b4 13. Bd2 Qc8 14. Bxb4 Qxe6 15. O-O Nc6
16. Bd2 O-O 17. b4 Qf6 18. b5 axb5 19. axb5 Rxa1 20. Qxa1 Nb8 21. Qa7 e5 22. Ra1
e4 23. fxe4 fxe4 24. Bxe4 Qe6 25. Qa2 Qxa2 26. Rxa2 Re8 27. Bd5+ Kh8 28. Ng3 Nf5
29. Nxf5 gxf5 30. Ra8 d3 31. cxd3 Bd4+ 32. Kf1 Kg7 33. Ra4 Bc5 34. Ba5 Re7 35.
d4 1-0

[Event "Druzynowe Mistrzostwa Polski Ekstraliga"]
[Site "Gorzow Wlkp. - Wroclaw - Katowice"]
[Date "1899-12-30"]
[Round "7.7"]
[White "Bartel, Mateusz"]
[Black "Kryvoruchko, Yuriy"]
[Result "1/2-1/2"]
[WhiteTitle "GM"]
[BlackTitle "GM"]
[WhiteElo "2637"]
[BlackElo "2714"]

1. e4 e5 2. Nf3 Nc6 3. Bb5 Nf6 4. d3 Bc5 5. Bxc6 dxc6 6. O-O Qe7 7. Nbd2 O-O 8.
Nc4 Nd7 9. Bd2 b6 10. a3 Ba6 11. b4 Bxc4 12. bxc5 Be6 13. cxb6 axb6 14. a4 Ra6
15. a5 Rfa8 16. Bc3 Bg4 17. axb6 cxb6 18. Rxa6 Rxa6 19. Qd2 Bxf3 20. gxf3 Qf6
21. Kg2 c5 22. f4 Qxf4 23. Qxf4 exf4 24. Kf3 Ra3 25. Bb2 Ra2 26. Rb1 g5 27. h4
h6 28. hxg5 hxg5 29. Kg4 f6 30. Kf5 Kf7 31. c4 Ke7 32. f3 Kf7 33. e5 fxe5 34.
Bxe5 Rf2 35. Bc7 Rxf3 36. Kxg5 Nf8 37. Rxb6 Ne6+ 38. Kf5 Nxc7 39. Rb7 Rxd3 40.
Rxc7+ Ke8 41. Ke4 1/2-1/2

[Event "Druzynowe Mistrzostwa Polski Ekstraliga"]
[Site "Gorzow Wlkp. - Wroclaw - Katowice"]
[Date "1899-12-30"]
[Round "7.8"]
[White "Piorun, Kacper"]
[Black "Mastrovasilis, Dimitrios"]
[Result "1/2-1/2"]
[WhiteTitle "GM"]
[BlackTitle "GM"]
[WhiteElo "2638"]
[BlackElo "2580"]

1. e4 c5 2. Nf3 e6 3. d3 Nc6 4. g3 g6 5. Bg2 Bg7 6. O-O Nge7 7. c3 O-O 8. Re1 e5
9. Nbd2 d6 10. a3 b5 11. b4 cxb4 12. axb4 a5 13. Nb3 Be6 14. Nxa5 Nxa5 15. bxa5
Rxa5 16. Bd2 Rxa1 17. Qxa1 Qc7 18. Rb1 Bd7 19. Ne1 Qc6 20. Nc2 Ra8 21. Qb2 Qa6
22. Be3 Qa2 23. Qc1 Qa5 24. Bd2 Qc7 25. Na3 Qc5 26. Rb3 Be6 27. Be3 Qc6 28. Rb1
Ra5 29. Qb2 Bd7 30. Nc2 Qa8 31. Nb4 h6 32. h3 Kh7 33. Kh2 Ra4 34. Bf3 Qc8 35.
Bg2 Be6 36. d4 Bc4 37. d5 f5 38. Qd2 Ra3 39. Rc1 Qf8 40. exf5 Nxf5 41. Be4 Nxe3
42. Qxe3 h5 43. Rc2 Bh6 44. Qb6 h4 45. Nc6 Bf4 46. Qc7+ Kh6 47. Nd8 hxg3+ 48.
Kg2 gxf2 49. Rxf2 Ra7 50. Qxa7 Qxd8 51. Qf7 Qg5+ 52. Kh1 Qg3 53. Qf8+ Kh7 54.
Qf7+ Kh6 55. Qf8+ Kh7 1/2-1/2

[Event "Druzynowe Mistrzostwa Polski Ekstraliga"]
[Site "Gorzow Wlkp. - Wroclaw - Katowice"]
[Date "1899-12-30"]
[Round "7.9"]
[White "Sadzikowski, Daniel"]
[Black "Krasenkow, Michal"]
[Result "0-1"]
[WhiteTitle "IM"]
[BlackTitle "GM"]
[WhiteElo "2548"]
[BlackElo "2627"]

1. e4 c5 2. Nf3 Nc6 3. Bb5 e6 4. O-O Nge7 5. d4 cxd4 6. Nxd4 Qb6 7. Nxc6 bxc6 8.
Bd3 Ng6 9. c4 Bc5 10. Nc3 Qc7 11. Rb1 a5 12. Na4 Be7 13. f4 O-O 14. c5 d5 15.
cxd6 Bxd6 16. e5 Qa7+ 17. Kh1 Be7 18. Qe2 c5 19. Be3 Bb7 20. Rbc1 Rac8 21. Qf2
Nh4 22. Rg1 Rfd8 23. Rc3 g6 24. Qc2 Kg7 25. a3 Bc6 26. Bf2 Nf5 27. Bxf5 gxf5 28.
Nxc5 Qa8 29. Qe2 Kh8 30. b4 axb4 31. axb4 Rg8 32. Rg3 Rxg3 33. Bxg3 Rb8 34. Be1
Qa3 35. Qh5 Rg8 36. Qe2 Qh3 37. b5 Bd5 38. Nd7 Rg6 39. Nb6 Rh6 0-1

[Event "Druzynowe Mistrzostwa Polski Ekstraliga"]
[Site "Gorzow Wlkp. - Wroclaw - Katowice"]
[Date "1899-12-30"]
[Round "7.10"]
[White "Heberla, Bartlomiej"]
[Black "Moranda, Wojciech"]
[Result "0-1"]
[WhiteTitle "GM"]
[BlackTitle "GM"]
[WhiteElo "2580"]
[BlackElo "2595"]

1. d4 d6 2. c4 e5 3. d5 Be7 4. Nc3 a5 5. Nf3 Na6 6. e4 Nf6 7. Bd3 O-O 8. O-O Ne8
9. a3 Bg4 10. Rb1 c5 11. Be2 Bxf3 12. Bxf3 Bg5 13. Bxg5 Qxg5 14. Qb3 Qe7 15. Na4
Nf6 16. g3 Rfb8 17. Nb6 Ra7 18. Bg2 Nc7 19. f4 a4 20. Qd1 Re8 21. fxe5 Qxe5 22.
Rf5 Qd4+ 23. Qxd4 cxd4 24. c5 dxc5 25. Rc1 Nb5 26. e5 Ra6 27. Nc4 Nd7 28. d6 g6
29. Rff1 Nxe5 30. Bxb7 Rxd6 31. Nxd6 Nxd6 32. Bd5 Nd3 33. Rcd1 Nxb2 34. Rb1 Nbc4
35. Rfc1 Ne3 36. Rxc5 Re5 37. Rb6 Rf5 38. h4 Rf1+ 39. Kh2 Ndf5 40. Be4 Ng4+ 41.
Kh3 Nf2+ 42. Kg2 Ne3+ 43. Kf3 Nh1+ 0-1

[Event "Druzynowe Mistrzostwa Polski Ekstraliga"]
[Site "Gorzow Wlkp. - Wroclaw - Katowice"]
[Date "1899-12-30"]
[Round "7.11"]
[White "Wieczorek, Oskar"]
[Black "Kanarek, Marcel"]
[Result "1/2-1/2"]
[WhiteTitle "IM"]
[BlackTitle "GM"]
[WhiteElo "2458"]
[BlackElo "2519"]

1. e4 e5 2. Nf3 Nc6 3. Bc4 Bc5 4. O-O Nf6 5. d3 O-O 6. c3 d5 7. exd5 Nxd5 8. Re1
Bg4 9. h3 Bh5 10. Nbd2 Nb6 11. Bb5 Bd6 12. Ne4 Ne7 13. Nxd6 Bxf3 14. Qxf3 Qxd6
15. Be3 a6 16. Bc4 Nxc4 17. dxc4 Qc6 18. Qxc6 Nxc6 19. Rad1 Rfd8 20. Rd5 f6 21.
Red1 Kf7 22. f4 Ke6 23. Kf2 Rd6 24. Bc5 Rdd8 25. Be3 Rd6 26. Bc5 Rdd8 27. Be3
Rd6 28. Bc5 Rdd8 29. Be3 1/2-1/2

[Event "Druzynowe Mistrzostwa Polski Ekstraliga"]
[Site "Gorzow Wlkp. - Wroclaw - Katowice"]
[Date "1899-12-30"]
[Round "7.12"]
[White "Zawadzka, Beata"]
[Black "Zawadzka, Jolanta"]
[Result "1/2-1/2"]
[WhiteTitle "WGM"]
[BlackTitle "WGM"]
[WhiteElo "2324"]
[BlackElo "2419"]

1. e4 e5 2. Nf3 Nc6 3. Bc4 Nf6 4. d4 exd4 5. O-O Nxe4 6. Re1 d5 7. Bxd5 Qxd5 8.
Nc3 Qh5 9. Nxe4 Be6 10. Bg5 Bd6 11. Nxd6+ cxd6 12. Bf4 O-O 13. Nxd4 Qxd1 14. Raxd1
Nxd4 15. Rxd4 Rfc8 16. c3 Bxa2 17. Rxd6 Be6 18. f3 Rd8 19. Red1 Rxd6 20. Rxd6
Kf8 21. Kf2 Ke7 22. Rd4 Rd8 23. Rxd8 Kxd8 24. Ke3 Bc4 25. Be5 f6 26. Bd4 a6 27.
f4 Ke7 28. f5 h5 29. Bc5+ Kf7 30. Kf4 Bf1 31. g3 1/2-1/2

[Event "Druzynowe Mistrzostwa Polski Ekstraliga"]
[Site "Gorzow Wlkp. - Wroclaw - Katowice"]
[Date "1899-12-30"]
[Round "7.13"]
[White "Jakubowski, Krzysztof"]
[Black "Dziuba, Marcin"]
[Result "0-1"]
[WhiteTitle "GM"]
[BlackTitle "GM"]
[WhiteElo "2530"]
[BlackElo "2556"]

1. e4 c5 2. Nf3 d6 3. d4 cxd4 4. Nxd4 Nf6 5. Nc3 a6 6. f4 Nbd7 7. a4 g6 8. Be2
Bg7 9. O-O O-O 10. Kh1 Qc7 11. a5 b5 12. axb6 Nxb6 13. Bf3 Bb7 14. Nb3 Nc4 15.
Ra4 Nd7 16. Qe1 Ndb6 17. Ra2 a5 18. Ne2 a4 19. Nbd4 Qc5 20. c3 e5 21. Nc2 exf4
22. Nxf4 Rae8 23. Nd4 d5 24. Qg3 dxe4 25. Bd1 e3 26. Bxa4 Nxa4 27. Rxa4 Bxd4 28.
cxd4 Qb5 29. Ra1 Na3 30. Rg1 Nc2 31. Rb1 Nxd4 32. b3 Re4 33. Bb2 Nf5 34. Qg5 f6
35. Bxf6 Rxf4 36. Qxf4 Rxf6 37. Rbd1 Rf8 38. b4 Re8 39. Qc7 e2 40. Rb1 Qd5 41.
Rbe1 Re3 42. Qb8+ Kg7 43. Qc7+ Re7 44. Qc3+ Qd4 45. Qc2 Qe3 46. Qb2+ Re5 0-1

[Event "Druzynowe Mistrzostwa Polski Ekstraliga"]
[Site "Gorzow Wlkp. - Wroclaw - Katowice"]
[Date "1899-12-30"]
[Round "7.14"]
[White "Pakleza, Zbigniew"]
[Black "Cvek, Robert"]
[Result "1/2-1/2"]
[WhiteTitle "GM"]
[BlackTitle "GM"]
[WhiteElo "2480"]
[BlackElo "2522"]

1. d4 e6 2. c4 Bb4+ 3. Bd2 Qe7 4. a3 Bxd2+ 5. Qxd2 Nf6 6. Nc3 d6 7. e4 e5 8. d5
a5 9. Bd3 O-O 10. Nge2 Na6 11. Bc2 Bd7 12. O-O a4 13. Rae1 Nc5 14. h3 g6 15. Ng3
Ne8 16. Kh2 f6 17. Nge2 Ng7 18. Nc1 Nh5 19. g3 Qe8 20. Bd1 Ng7 21. Nd3 Nxd3 22.
Qxd3 Qb8 23. Qe3 b6 24. f4 Qd8 25. fxe5 fxe5 26. Kg2 Qe7 27. Rxf8+ Kxf8 28. Rf1+
Kg8 29. Be2 Ne8 30. g4 g5 31. Bd1 Kg7 32. Ne2 h6 33. Ng3 Nf6 34. Kh2 Rf8 35. Kg2
Kg8 36. Nf5 Bxf5 37. Rxf5 Ra8 38. h4 Nh7 39. hxg5 Nxg5 40. Be2 Kg7 41. Kf1 Nh7
42. Qf2 Ng5 43. Qe3 Nh7 44. Qf2 Ng5 1/2-1/2

[Event "Druzynowe Mistrzostwa Polski Ekstraliga"]
[Site "Gorzow Wlkp. - Wroclaw - Katowice"]
[Date "1899-12-30"]
[Round "7.15"]
[White "Krzyzanowski, Marcin"]
[Black "Jakubiec, Artur"]
[Result "1/2-1/2"]
[WhiteTitle "IM"]
[BlackTitle "GM"]
[WhiteElo "2457"]
[BlackElo "2500"]

1. e4 e6 2. d4 d5 3. Nc3 Bb4 4. Nge2 dxe4 5. a3 Bxc3+ 6. Nxc3 Nc6 7. Bb5 Nge7 8.
Be3 O-O 9. Qd2 a6 10. Bxc6 Nxc6 11. Nxe4 b6 12. O-O-O Bb7 13. f3 Qd7 14. h4 Na5
15. Qd3 f6 16. h5 h6 17. Kb1 Rad8 18. Nc3 Qf7 19. Qe2 Rd7 20. Bf2 Rfd8 21. Rhe1
Nc6 22. Qxe6 Nxd4 23. Bxd4 Rxd4 24. Rxd4 Rxd4 25. Qf5 Rd8 26. g4 Qd7 27. Qf4 Qf7
28. Qf5 Qd7 29. Qf4 Qf7 30. Qf5 Qd7 1/2-1/2

[Event "Druzynowe Mistrzostwa Polski Ekstraliga"]
[Site "Gorzow Wlkp. - Wroclaw - Katowice"]
[Date "1899-12-30"]
[Round "7.16"]
[White "Weichhold, Pawel"]
[Black "Stryjecki, Marek"]
[Result "1/2-1/2"]
[WhiteTitle "IM"]
[BlackTitle "IM"]
[WhiteElo "2428"]
[BlackElo "2421"]

1. e4 e5 2. Nf3 Nc6 3. Bb5 Nf6 4. O-O Nxe4 5. d4 Nd6 6. Bxc6 dxc6 7. dxe5 Nf5 8.
Qxd8+ Kxd8 9. Nc3 Ke8 10. h3 Ne7 11. Ne4 Ng6 12. b3 a5 13. a4 Bf5 14. Re1 Bb4
15. Re3 Rd8 16. Bb2 Nf4 17. Nh4 Be6 18. Kh2 Be7 19. Nf3 Nd5 20. Re2 Nf4 21. Re3
Nd5 22. Re2 Bf5 23. g3 Nb4 24. Rc1 c5 25. Nfd2 b6 26. Nc4 Be6 27. Ne3 Nc6 28.
f4 Nd4 29. Rf2 Nf5 30. Re1 h5 31. Kg2 Rh6 32. Kh2 Kf8 33. Ng5 Nxe3 34. Nxe6+ Rxe6
35. Rxe3 f5 36. c4 Kf7 37. h4 Bf8 38. Rfe2 Rd1 39. Re1 Rd2+ 40. R1e2 Rxe2+ 41.
Rxe2 1/2-1/2

[Event "Druzynowe Mistrzostwa Polski Ekstraliga"]
[Site "Gorzow Wlkp. - Wroclaw - Katowice"]
[Date "1899-12-30"]
[Round "7.17"]
[White "Polok, Kacper"]
[Black "Tymrakiewicz, Rafal"]
[Result "1-0"]
[WhiteTitle "FM"]
[BlackTitle "FM"]
[WhiteElo "2280"]
[BlackElo "2285"]

1. e4 Nf6 2. e5 Nd5 3. d4 d6 4. c4 Nb6 5. exd6 cxd6 6. Nc3 g6 7. h3 Bg7 8. Nf3
O-O 9. Be2 Nc6 10. O-O Bf5 11. Re1 Rc8 12. a3 Re8 13. g4 Bd7 14. c5 dxc5 15. dxc5
Na8 16. Bc4 Rf8 17. Bg5 Nc7 18. Qe2 Ne6 19. Rad1 Nxg5 20. Nxg5 Ne5 21. b4 Qe8
22. Bd5 Bc6 23. f4 h6 24. Nge4 Nd7 25. Qc4 Bxd5 26. Qxd5 Bxc3 27. Nxc3 Nf6 28.
Qxb7 e6 29. g5 hxg5 30. fxg5 Nh5 31. Qd7 Rd8 32. Qxe8 Rfxe8 33. Ne4 Kg7 34. Nd6
Rh8 35. c6 Nf4 36. c7 Rc8 37. Nxc8 Rxc8 38. Rd7 Nxh3+ 39. Kg2 Nf4+ 40. Kg3 Nd5
41. Rf1 Nb6 42. Rfxf7+ Kg8 43. Rg7+ Kf8 44. Rh7 Nxd7 45. Rxd7 Ke8 46. Rh7 a6 47.
Kf4 e5+ 48. Kxe5 1-0

[Event "Druzynowe Mistrzostwa Polski Ekstraliga"]
[Site "Gorzow Wlkp. - Wroclaw - Katowice"]
[Date "1899-12-30"]
[Round "7.18"]
[White "Kubicka, Anna"]
[Black "Zemlickova, Olena"]
[Result "1-0"]
[WhiteTitle "m"]
[BlackTitle "WIM"]
[WhiteElo "2190"]
[BlackElo "2066"]

1. d4 d5 2. c4 e6 3. Nc3 Be7 4. cxd5 exd5 5. Bf4 c6 6. e3 Bd6 7. Bxd6 Qxd6 8. Bd3
Ne7 9. Qc2 Nd7 10. Nge2 Nf8 11. f3 Ne6 12. O-O g6 13. e4 dxe4 14. Nxe4 Qd8 15.
Nf6+ Kf8 16. Qc3 Ng8 17. Ne4 f6 18. Rad1 Nc7 19. Bc4 Be6 20. Nf4 Bxc4 21. Qxc4
g5 22. d5 cxd5 23. Rxd5 Qe7 24. Qxc7 gxf4 25. Rd7 Qe6 26. Rfd1 Re8 27. R1d6 Qxa2
28. Rxf6+ Nxf6 29. Qd6+ 1-0

[Event "Druzynowe Mistrzostwa Polski Ekstraliga"]
[Site "Gorzow Wlkp. - Wroclaw - Katowice"]
[Date "1899-12-30"]
[Round "7.25"]
[White "Nasuta, Grzegorz"]
[Black "Navara, David"]
[Result "1-0"]
[WhiteTitle "IM"]
[BlackTitle "GM"]
[WhiteElo "2454"]
[BlackElo "2739"]

1. e4 e5 2. Nf3 Nc6 3. d4 exd4 4. Nxd4 Nf6 5. Nxc6 bxc6 6. e5 Qe7 7. Qe2 Nd5 8.
c4 Ba6 9. Nd2 Nb4 10. Nf3 c5 11. a3 Nc6 12. Bd2 g6 13. Bg5 Qe6 14. Bf6 Rg8 15.
Ng5 Qf5 16. g4 Qf4 17. Nh3 Qh6 18. Bg5 Qg7 19. Bf6 Qh6 20. Bg5 Qg7 21. O-O-O Be7
22. Bg2 Bb7 23. Bxe7 Nd4 24. Qd3 Bxg2 25. Bxc5 Bxh1 26. Bxd4 Bc6 27. e6 f6 28.
g5 dxe6 29. Bxf6 Qd7 30. Qe3 Qf7 31. Nf4 Bd7 32. Nd3 Ba4 33. Ne5 Qf8 34. Qxa7
Rxa7 35. Rd8# 1-0

[Event "Druzynowe Mistrzostwa Polski Ekstraliga"]
[Site "Gorzow Wlkp. - Wroclaw - Katowice"]
[Date "1899-12-30"]
[Round "7.26"]
[White "Gajewski, Grzegorz"]
[Black "Ponizil, Cyril"]
[Result "1/2-1/2"]
[WhiteTitle "GM"]
[BlackTitle "IM"]
[WhiteElo "2634"]
[BlackElo "2478"]

1. c4 c5 2. Nc3 Nc6 3. Nf3 e5 4. g3 g6 5. Bg2 Bg7 6. O-O Nge7 7. Ne1 a6 8. Nc2
Rb8 9. d3 O-O 10. Ne3 b5 11. Ned5 d6 12. cxb5 axb5 13. a4 bxa4 14. Qxa4 Nxd5 15.
Bxd5 Nb4 16. Bg2 Bd7 17. Qa5 Rb6 18. Bg5 Qb8 19. Qa7 Be6 20. Rfc1 f6 21. Bd2 f5
22. Qxb8 Rfxb8 23. Ra7 Ra6 24. Rxa6 Nxa6 25. Ra1 Rxb2 26. Rxa6 Rxd2 27. Rxd6 Rc2
28. Rxe6 Rc1+ 29. Bf1 Rxc3 30. e4 f4 31. Kg2 Rc2 32. Kf3 g5 33. g4 Kf7 34. Ra6
Rc3 1/2-1/2

[Event "Druzynowe Mistrzostwa Polski Ekstraliga"]
[Site "Gorzow Wlkp. - Wroclaw - Katowice"]
[Date "1899-12-30"]
[Round "7.27"]
[White "Piesik, Piotr"]
[Black "Miton, Kamil"]
[Result "1/2-1/2"]
[WhiteTitle "FM"]
[BlackTitle "GM"]
[WhiteElo "2337"]
[BlackElo "2618"]

1. d4 Nf6 2. c4 g6 3. Nc3 Bg7 4. Nf3 O-O 5. Bf4 d6 6. h3 Nfd7 7. Qd2 e5 8. Bh6
Nc6 9. Bxg7 Kxg7 10. e3 Re8 11. d5 Ncb8 12. e4 a5 13. Bd3 Nc5 14. Bc2 Nbd7 15.
b3 Nf6 16. g4 Bd7 17. a3 c6 18. Rb1 cxd5 19. cxd5 a4 20. b4 Nb3 21. Bxb3 axb3
22. Rxb3 Qc7 23. Qe3 Rec8 24. O-O Ba4 25. Nxa4 Rxa4 26. Nd2 Nd7 27. Nb1 Qc2 28.
Qd3 Qxd3 29. Rxd3 Rc2 30. Rb3 Ra8 31. Nc3 Kf6 32. Nb5 Ke7 33. Re1 Nb6 34. Ree3
Rac8 35. Rbc3 Na4 36. Rxc8 Rxc8 37. g5 Rc4 38. Kg2 Rc2 39. Rf3 Nb2 40. Rc3 Rxc3
41. Nxc3 Nc4 42. a4 f6 43. h4 Kf7 44. Nb5 f5 45. f3 fxe4 46. fxe4 Ke7 47. Nc3
Ne3+ 48. Kf2 Nc2 49. Na2 Kd7 50. Ke2 Kc7 51. Kd2 Nd4 52. Nc1 Nf3+ 53. Ke3 Ne1
54. Nd3 Nc2+ 55. Kd2 Nd4 56. Ne1 Nb3+ 57. Kc3 Nd4 58. Kd3 Nb3 59. Nf3 Nc1+ 60.
Kc4 Ne2 61. Kd3 Nc1+ 62. Kc3 Ne2+ 63. Kd2 Nf4 64. Ne1 b5 65. a5 Kb7 66. Ke3 Ka7
67. Nf3 Ng2+ 68. Kd2 Kb7 69. Ke2 Nf4+ 70. Ke3 Ng2+ 71. Kf2 Nf4 72. Ne1 Ka7 73.
Kf3 Kb7 74. Nc2 Nd3 75. Ke2 Nf4+ 76. Kd2 Ng2 77. Ke2 Nf4+ 78. Kf1 Nd3 79. Ke2
Nf4+ 80. Kd2 Ng2 81. Ke2 Nf4+ 82. Ke3 Ka7 83. Na3 Ka6 84. Nb1 Ng2+ 85. Kf2 Nf4
86. Ke3 Ng2+ 87. Ke2 Nf4+ 88. Kd2 Ng2 89. Ke2 1/2-1/2

[Event "Druzynowe Mistrzostwa Polski Ekstraliga"]
[Site "Gorzow Wlkp. - Wroclaw - Katowice"]
[Date "1899-12-30"]
[Round "7.28"]
[White "Socko, Bartosz"]
[Black "Paszewski, Mateusz"]
[Result "1-0"]
[WhiteTitle "GM"]
[BlackTitle "FM"]
[WhiteElo "2583"]
[BlackElo "2327"]

1. d4 d5 2. c4 c6 3. cxd5 cxd5 4. Bf4 Nc6 5. e3 Nf6 6. Nc3 Bf5 7. Nf3 e6 8. Qb3
Bb4 9. Ne5 Qb6 10. Nxc6 bxc6 11. Be2 O-O 12. O-O Rfc8 13. Na4 Qa5 14. Rfc1 Nd7
15. a3 Be7 16. Qc3 Qxc3 17. Rxc3 Nb6 18. Nc5 Bxc5 19. Rxc5 Na4 20. Ra5 Nxb2 21.
Ba6 Nc4 22. Rc5 f6 23. Bb7 e5 24. Bg3 Bd7 25. dxe5 fxe5 26. Bxa8 Rxa8 27. Rb1
Kf7 28. e4 Ke6 29. Rd1 Nb6 30. Ra5 Kd6 31. f4 exf4 32. Bxf4+ Ke6 33. Bc7 Nc4 34.
exd5+ cxd5 35. Ra6+ Kf7 36. Rxd5 Be6 37. Rd8 Rxd8 38. Bxd8 Bd5 39. Rxa7+ Kg6 40.
Be7 Kf5 41. Bc5 1-0

[Event "Druzynowe Mistrzostwa Polski Ekstraliga"]
[Site "Gorzow Wlkp. - Wroclaw - Katowice"]
[Date "1899-12-30"]
[Round "7.29"]
[White "Flis, Jacek"]
[Black "Bulski, Krzysztof"]
[Result "0-1"]
[WhiteTitle "FM"]
[BlackTitle "GM"]
[WhiteElo "2269"]
[BlackElo "2533"]

1. e4 e5 2. Nf3 Nc6 3. Bc4 Nf6 4. d3 Be7 5. O-O O-O 6. Re1 d6 7. c3 Na5 8. Bb5
a6 9. Ba4 b5 10. Bc2 c5 11. Nbd2 Re8 12. Nf1 Bf8 13. h3 Nc6 14. Ne3 h6 15. Nh2
d5 16. Qf3 d4 17. Nf5 Bxf5 18. exf5 Rc8 19. g4 Nd5 20. Bd2 dxc3 21. bxc3 b4 22.
cxb4 Nd4 23. Qd1 cxb4 24. Ba4 Nc3 25. Bxc3 bxc3 26. Bxe8 Qxe8 27. f4 Bc5 28. Kg2
Qc6+ 29. Re4 exf4 30. Nf3 c2 31. Qf1 Nxf3 32. Kxf3 Be3 33. Rc1 Rb8 34. Ke2 Bxc1
35. Qxc1 Rb1 0-1

[Event "Druzynowe Mistrzostwa Polski Ekstraliga"]
[Site "Gorzow Wlkp. - Wroclaw - Katowice"]
[Date "1899-12-30"]
[Round "7.30"]
[White "Socko, Monika"]
[Black "Lach, Aleksandra"]
[Result "1-0"]
[WhiteTitle "GM"]
[BlackTitle "WIM"]
[WhiteElo "2481"]
[BlackElo "2224"]

1. d4 f5 2. g3 Nf6 3. Bg2 g6 4. c4 d6 5. d5 Bg7 6. Nh3 Nbd7 7. Nc3 O-O 8. O-O a6
9. Be3 Qe8 10. Rc1 Kh8 11. Bd4 Rb8 12. b4 h6 13. c5 g5 14. f4 g4 15. Nf2 e5 16.
dxe6 Qxe6 17. cxd6 Qxd6 18. e4 Nxe4 19. Bxg7+ Kxg7 20. Ncxe4 fxe4 21. Qxg4+ Kh8
22. Nxe4 Qxb4 23. Qh4 Kg7 24. Kh1 c6 25. Qg4+ Kh7 26. f5 Qe7 27. Qg6+ Kh8 28.
Qxh6+ Qh7 29. Qd6 Rxf5 30. Rxf5 Qxf5 31. Rf1 Qe5 32. Qh6+ Kg8 33. Ng5 Qg7 34.
Qe6+ 1-0

[Event "Druzynowe Mistrzostwa Polski Ekstraliga"]
[Site "Gorzow Wlkp. - Wroclaw - Katowice"]
[Date "1899-12-30"]
[Round "8.1"]
[White "Mista, Aleksander"]
[Black "Wojtaszek, Radoslaw"]
[Result "1/2-1/2"]
[WhiteTitle "GM"]
[BlackTitle "GM"]
[WhiteElo "2606"]
[BlackElo "2734"]

1. e4 e6 2. d4 d5 3. Nd2 c5 4. exd5 exd5 5. Bb5+ Nc6 6. Ngf3 Qe7+ 7. Be2 Qc7 8.
dxc5 Bxc5 9. Nb3 Be7 10. O-O Nf6 11. Bg5 O-O 12. c3 Be6 13. Nbd4 Rae8 14. Re1
h6 15. Bh4 Ne4 16. Bxe7 Rxe7 17. Bd3 Bg4 18. Qb3 Rd8 19. h3 Bh5 20. Qc2 Bg6 21.
Re3 Rde8 22. Rae1 Qf4 23. Ne2 Qf6 24. Ng3 Ng5 25. Nxg5 Rxe3 26. Rxe3 Rxe3 27.
fxe3 Qxg5 28. Nf1 Ne5 29. Bxg6 Nxg6 30. Qe2 Qf5 31. Qb5 b6 32. c4 Qc2 33. Qxd5
Qxb2 34. Qa8+ Kh7 35. Qxa7 Nh4 36. Qa8 Qc2 37. Qd5 Qxa2 38. g3 Ng6 39. Qxf7 Qa5
40. Qd5 Ne5 41. g4 Qc3 42. h4 Nxc4 43. Qf5+ Kh8 44. g5 Nxe3 45. Qf8+ Kh7 46. g6+
Kxg6 47. Qe8+ Kf6 48. Nxe3 Qe1+ 49. Kg2 Qe2+ 50. Kg3 Qe1+ 51. Kg2 Qe2+ 52. Kg3
Qe1+ 53. Kf3 Qh1+ 54. Kg4 Qb7 55. Qf8+ Ke6 56. Qf5+ Ke7 57. Nd5+ Kd6 58. Qf8+
Kc6 59. Ne7+ Kd7 60. Kh5 Qg2 61. Nf5 g6+ 62. Kxh6 gxf5 63. Qxf5+ Ke8 64. h5 Qg8
65. Qc8+ Kf7 66. Qc7+ Kf8 67. Qc8+ Kf7 68. Qf5+ Ke7 69. Qe5+ Kf7 70. Qd5+ Kf8
71. Qf5+ Ke7 72. Qe4+ Kf8 73. Qe5 Kf7 74. Qd5+ Kf8 75. Qf5+ Ke7 76. Qe5+ 1/2-1/2

[Event "Druzynowe Mistrzostwa Polski Ekstraliga"]
[Site "Gorzow Wlkp. - Wroclaw - Katowice"]
[Date "1899-12-30"]
[Round "8.2"]
[White "Navara, David"]
[Black "Kempinski, Robert"]
[Result "1/2-1/2"]
[WhiteTitle "GM"]
[BlackTitle "GM"]
[WhiteElo "2739"]
[BlackElo "2586"]

1. d4 Nf6 2. c4 b6 3. Nc3 Bb7 4. Qc2 d5 5. cxd5 Nxd5 6. e4 Nxc3 7. bxc3 e5 8. Nf3
exd4 9. Bc4 Nc6 10. O-O d3 11. Qa4 Qd7 12. Rd1 Ne5 13. Bb5 Nxf3+ 14. gxf3 c6 15.
Bxd3 Bc5 16. e5 Qh3 17. Qf4 Rd8 18. Be3 Bxe3 19. fxe3 O-O 20. Bf5 Qh5 21. Kf2
g6 22. e6 Rde8 23. Rd7 fxe6 24. Qe5 Rf7 25. Rxb7 Rxb7 26. Bxe6+ Rxe6 27. Qxe6+
Rf7 28. f4 Qxh2+ 29. Kf3 Qh5+ 30. Kg3 Qc5 31. Rd1 Kg7 32. Rd8 Qxc3 33. Qe8 Qe1+
34. Kg2 Qe2+ 35. Kg3 Qe1+ 36. Kg2 Qe2+ 37. Kg3 Qe1+ 1/2-1/2